Strategie di politiche familiari (Record n. 212589)

Dettagli MARC
000 -LEADER
fixed length control field 00798nam a2200229Ia 4500
001 - CONTROL NUMBER
control field b4648-30249
003 - CONTROL NUMBER IDENTIFIER
control field IT-MiCISF
008 - FIXED-LENGTH DATA ELEMENTS--GENERAL INFORMATION
fixed length control field 161014s9999||||xx |||||||||||||| ||und||
040 ## - CATALOGING SOURCE
Original cataloging agency IT-MiCISF
Transcribing agency IT-MiCISF
041 ## - LANGUAGE CODE
Language code of text/sound track or separate title it
999 ## - SYSTEM CONTROL NUMBERS (KOHA)
Koha Dewey Subclass [OBSOLETE] si
100 ## - MAIN ENTRY--PERSONAL NAME
Personal name Bursi Giovanni
245 #0 - TITLE STATEMENT
Title Strategie di politiche familiari
Remainder of title Valori, metodologie ed azioni per un welfare comunitario su un territorio cittadino
250 ## - EDITION STATEMENT
Edition statement 1a ed.
260 ## - PUBLICATION, DISTRIBUTION, ETC. (IMPRINT)
Place of publication, distribution, etc. Milano
Name of publisher, distributor, etc. Franco Angeli
Date of publication, distribution, etc. 1999
300 ## - PHYSICAL DESCRIPTION
Extent pp. 235
500 ## - GENERAL NOTE
General note / saggi di Donati P. e Gorrieri E., politica-familiare, territorio, comparazione, legislazione, famiglia, servizi-sociali /
650 ## - SUBJECT ADDED ENTRY--TOPICAL TERM
Topical term or geographic name as entry element Famiglia nella società / politica-familiare
Relator term 006
700 ## - ADDED ENTRY--PERSONAL NAME
Personal name Cavazza Gianpietro
700 ## - ADDED ENTRY--PERSONAL NAME
Personal name Messora Enrico
942 ## - ADDED ENTRY ELEMENTS (KOHA)
Koha item type LIBRO
957 ## -
-- 1
999 ## - SYSTEM CONTROL NUMBERS (KOHA)
-- 1
Dati di copia
Withdrawn status Lost status Damaged status Not for loan Home library Current library Date acquired Total Checkouts Full call number Date last seen Price effective from Koha item type Public note
    Buone Condizioni Not For Loan CISF - Milano CISF - Milano 14/10/2016   b4648-30249 14/10/2016 14/10/2016 LIBRO Data import 15.10.2016 / by Epidotti, Vaglietti
CREDITS: SOCIETA' SAN PAOLO Via A.Severo, 58 - ROMA (RM) & PERIODICI SAN PAOLO SRL Via Giotto, 36 MILANO & CISF Via Giotto, 36 MILANO & EDIZIONI SAN PAOLO SRL,  Piazza Soncino, 5 CINISELLO BALSAMO (MI) -- ITALY